00538nam a2200181 a 45000010010000000030011000100080041000210350026000620820018000881000019001062450025001252600045001506500024001959420012002199520090002319980020003219990015003410000-9248ELIB.Books110520 1925  a(ELIB.Books)0000-9400 a268.433 bCoe aCoe, George A. aWhat Ails our Youth? bNew York: Charles Scribner's Sons c1925 aChristian Education 2ddccBK 00102ddc4070aKBTSbKBTSd2011-05-20l0p4091r2022-01-22 00:00:00w2022-01-22yBK cbate2011-05-20 c9248d9248